<The> reform of unemployment compensation. Choises for East and West.

Rast nezamestnanosti sprevádzajúcej prechod na trhovú ekonomiku v krajinách východnej Európy. Negatívny názor Západu na kompenzácie pre nezamestnaných. Zváženie princípov podpory v dôsledku rozdielnych názorov Východu a Západu. Voľba medzi dvoma druhmi kompenzácie: poistenie versus podpora v nezames...

Descripción completa

Guardado en:
Detalles Bibliográficos
Autor principal: Micklewright, J.
Formato: Capítulo de libro
Lenguaje:inglés
Materias:
Etiquetas: Agregar Etiqueta
Sin Etiquetas, Sea el primero en etiquetar este registro!

MARC

LEADER 00000naa a2200000 4500
001 r004448
005 20221130103150.1
041 0 |a eng 
044 |a NL 
245 1 0 |a <The> reform of unemployment compensation.  |b Choises for East and West.  |c J. Micklewright 
520 |a Rast nezamestnanosti sprevádzajúcej prechod na trhovú ekonomiku v krajinách východnej Európy. Negatívny názor Západu na kompenzácie pre nezamestnaných. Zváženie princípov podpory v dôsledku rozdielnych názorov Východu a Západu. Voľba medzi dvoma druhmi kompenzácie: poistenie versus podpora v nezamestnanosti. Kompenzácia vo východnej Európe - Nemecko, Poľsko, Maďarsko a ZSSR. 
610 2 0 |a nezamestnanosť 
610 2 0 |a hospodárstvo trhové 
610 2 0 |a východná Európa 
610 2 0 |a podpory v nezamestnanosti 
610 2 0 |a poistenie sociálne 
610 2 0 |a Nemecko 
610 2 0 |a PR 
610 2 0 |a MR 
610 2 0 |a ZSSR 
100 1 |a Micklewright, J.